Comentarios a la jurisprudencia de la Corte Interamericana de Derechos Humanos : los casos referidos a la República Argentina. Tomo I /

Guardado en:
Autor Principal: Buis, Emiliano J., (comp.)
Otros Autores: Giosa, Laura M., (comp.)
Formato: Libro
Idioma:Spanish
Publicado: Ciudad Autónoma de Buenos Aires : La Ley, 2017.
Edición:1a. ed.
Materias:
Etiquetas: Agregar Etiqueta
Sin Etiquetas, Sea el primero en etiquetar este registro!
LEADER 00666nam a22001695a 4500
001 DER.der013826
008 190424s2017####ag############000#0#spa#d
005 20250627151311.0
245 1 0 |a Comentarios a la jurisprudencia de la Corte Interamericana de Derechos Humanos :  |b los casos referidos a la República Argentina.  |f 2012-2016.  |p Tomo I /  |c compilado por Emiliano J. Buis y Laura M. Giosa. 
250 |a 1a. ed. 
260 |a Ciudad Autónoma de Buenos Aires :  |b La Ley,  |c 2017. 
300 |a 240 p. 
020 |a 9789870334866 
100 1 |a Buis, Emiliano J.,  |e comp. 
700 1 |a Giosa, Laura M.,  |e comp. 
650 7 |a DERECHOS HUMANOS 
859 |a DERECHO  |b BIB. DERECHO  |h 323  |i COM  |p 004282